| 000 | 00819nas a2200253 4500 | ||
|---|---|---|---|
| 001 | BR8602180 | ||
| 003 | BR-BrBNA | ||
| 005 | 20231205090441.0 | ||
| 007 | ta | ||
| 008 | 230509b bl.|||p| |||| 00| 00por d | ||
| 040 |
_aBR-BrBNA _bpor _cBiblioteca Nacional de Agricultura |
||
| 041 | _a(Pt) | ||
| 072 | _aH20 | ||
| 100 | 1 | _aMallozzi, P.R. | |
| 100 | 1 | _aBarros, M.A. | |
| 245 | 1 |
_aEncarquilhamento, um mal da batata associado a micoplasma _bNota cientifica |
|
| 246 | 1 |
_aMycoplasma-like bodies associated to malformed leaves of potato _bScientifical note |
|
| 650 | _aBATATA | ||
| 650 | _aDOENCA DE PLANTA | ||
| 650 | _aFOLHA | ||
| 773 | 0 |
_tSumma Phytopathologica (Brazil) _xISSN 0100-5405 _g(Jul-Dec 1984), v. 10(3-4) p. 280-284 _wBR8602180 |
|
| 909 |
_a202311 _bLúcia _c55 _dLúcia Elande |
||
| 942 |
_2AGRIS _n0 _cANA |
||
| 999 |
_c118501 _d118501 |
||